Most na diaľnici D1 na úseku Jánovce - Jablonov

Enregistré dans:
Détails bibliographiques
Auteur principal: Jurčo, Pavol (Auteur)
Autres auteurs: Halvonik, Jaroslav (Directeur de thèse)
Format: Manuscrit Livre
Langue:slovaque
Publié: 2018
Sujets:
Accès en ligne:http://is.stuba.sk/zp/portal_zp.pl?podrobnosti=137636
https://opac.crzp.sk/?fn=detailBiblioForm&sid=7748F8ABF7A423EAE570DD3BD0B0
Tags: Ajouter un tag
Pas de tags, Soyez le premier à ajouter un tag!

MARC

LEADER 00000ntm a22000003a 4500
001 stuzp68745
003 SK-STU
005 20230622100608.8
007 ta
008 150427s2015----xo-----f-mn---000-0-slo-d
040 |a STU  |b slo 
041 0 |a slo 
100 1 |a Jurčo, Pavol  |u 010110  |4 aut  |U SvF Stavebná fakulta  |T SvF Katedra betónových konštrukcií a mostov  |X 54665  |U V110  |Y 11  |7 54665 
242 0 1 |a Bridge on the Motorway D1 section Jánovce - Jablonov  |y eng 
245 1 0 |a Most na diaľnici D1 na úseku Jánovce - Jablonov 
260 |c 2018 
650 4 |a letmá betonáž  |2 slo 
650 4 |a betón  |2 slo 
650 4 |a dodatočné predpätie  |2 slo 
650 4 |a balanced cantilever method  |2 eng 
650 4 |a concrete  |2 eng 
650 4 |a post-tensioning  |2 eng 
700 1 |a Halvonik, Jaroslav  |u 010110  |k Z1  |4 ths  |U SvF Stavebná fakulta  |T SvF Katedra betónových konštrukcií a mostov  |X 2749  |U V110  |Y 11  |7 A000002749 
856 4 |u http://is.stuba.sk/zp/portal_zp.pl?podrobnosti=137636 
856 4 |u https://opac.crzp.sk/?fn=detailBiblioForm&sid=7748F8ABF7A423EAE570DD3BD0B0